| 000 | 00625nam a2200145Ia 4500 | ||
|---|---|---|---|
| 008 | 220216s9999 xx 000 0 und d | ||
| 100 | _aGeorge P.J. | ||
| 245 | 0 | _aPreliminary observations on some RRII clones in smallholdings | |
| 260 |
_bIn: Progress and development of rubber smallholders: Proceedings of the Fourth Seminar, 17-22 July 1980, Colombo, Sri Lanka. (Eds. Pimol Chitman and G.S. Tan). Association of Natural Rubber Producing Countries, Kuala Lumpur, Malaysia, pp. 201-203. _c1982 |
||
| 650 | _aClone evaluation | ||
| 650 | _aRRII clone | ||
| 650 | _aSmallholdings | ||
| 700 | _aPanikkar A.O.N. | ||
| 942 | _cBS | ||
| 999 |
_c49802 _d49802 |
||